000 00450nam a2200181Ia 4500
001 7442
003 IN-NITTTR
005 20251114233028.0
008 251113s9999||||xx |||||||||||||| ||eng||
040 _beng
040 _cIN-NITTTR
041 _aeng
082 _a510.02453 D419M
100 _aDennery, Philippe
245 0 _aMathematics for physicists /
_cDennery, Philippe, Krzywicki, Andre
700 _a Krzywicki, Andre
942 _2ddc
_cBK
999 _c10080
_d10080